| 000 | 04368nam0a2200481 4500 | ||
|---|---|---|---|
| 001 | RU\NLR\BIBL_A\012003676 | ||
| 005 | 20250809113146.0 | ||
| 020 |
_aRU _9Ленинград в Великой Отечественной войне. Коллекция. Афиши |
||
| 035 | _a(NLR Aleph) 012003676 | ||
| 090 |
_a16761 _c16761 |
||
| 100 | _a20190424d1944 u y0rusy50 ca | ||
| 101 | 0 | _arus | |
| 102 | _aRU | ||
| 105 | _ay z 000zy | ||
| 135 | _acrcn 024anaba | ||
| 200 | 1 |
_aСпектакли Ленинградского Государственного театра музыкальной комедии _e[афиша] _fУправление по делам искусств Исполкома Ленгорсовета, Центральный парк культуры и отдыха им. С. М. Кирова (Большой летний театр) |
|
| 210 |
_a[Ленинград] _cЛТ УН-9 _d[1944] |
||
| 215 |
_a1 л. _d49х71 |
||
| 300 | _aНачало спектаклей в 7 час. 30 мин. вечера. Билеты продаются ежедневно (кроме понедельника) с 5 ч. дня до 8 ч. вечера в кассе при входе в парк (у 2-го Елагина моста). Предварительная продажа производится с 11 ч. утра до 4 ч. дня - Невский, 42. После начала вход в зрительный зал не допускается | ||
| 300 | _aЗак. 1863 | ||
| 325 | _aКопия доступна в Электрон. б-ке РНБ | ||
| 327 | 1 | _aВ Субботу, 5 августа. Продавец птиц: музыкальная комедия в 3 действиях, музыка Целлера, текст Вальяно. Постановка - Г. М. Полячек, художники - Ф. И. Кузьмин и А. Д. Кетов, балетмейстер - К. Ф. Боярский, дирижер - М. П. Воловац. Солисты балета: А. А. Анкудинова, М. В. Снежина, Т. М. Бершадская [и др.]. Ведет спектакль В. Н. Климантов-Нанский. С указанием действующих лиц. В Воскресенье, 6 августа. Летучая мышь: музыкальная комедия в 3-х действиях, музыка Штрауса, текст М. О. Янковского. Постановка - Н. Я. Янет, художник - М. А. Григорьев, дирижер Г. В. - Фурман, балетмейстеры: Н. В. Пельцер, Л. Д. Бейзельман и Б. Фенстер. Солисты балета: Н. В. Пельцер, Л. М. Лидина, Л. Д. Бейзельман [и др.]. Ведет спектакль В. Н. Климантов-Нанский. С указанием действующих лиц | |
| 606 | 1 |
_aТеатральная жизнь _yЛенинград, город _z1941 - 1944 _jАфиши _2nlr_sh2 _3RU\NLR\AUTH\6601649837 |
|
| 686 | _aЩ333(2Р=Рус)7-692Ленинград | ||
| 710 | 0 | 2 |
_aЛенинградский театр музыкальной комедии _3RU\NLR\AUTH\889923122 |
| 712 | 0 | 2 |
_aЦентральный парк культуры и отдыха им. Кирова _cЛенинград _bБольшой летний театр _3RU\NLR\AUTH\880496055 _4570 |
| 852 |
_aNLR _jЛ3-330а/3/2/[1944]-авг.(2) |
||
| 856 | 0 | _uhttp://vivaldi.nlr.ru/la700000803/view | |
| 856 | 1 | _uhttp://vivaldi.nlr.ru/la700000803/cover | |
| 856 | 2 | _uhttp://vivaldi.nlr.ru/la700000803/text | |
| 942 | _cVISUAL | ||
| 945 | _aРоссийская национальная библиотека | ||
| 980 | _aNB | ||
| 980 | _aBV | ||
| 980 | 3 | _akplen | |
| 980 | 3 | _akp | |
| 981 | 3 | 7 |
_a(37) Ленинград в Великой Отечественной войне _b(37) Афиши блокадного Ленинграда |